000 00658nam a2200217 a 4500
001 13799
003 CO-ViMGA
008 141112s2004 ck r 000 u spa d
020 _a0262030756
040 _aCO-ViMGA
_bspa
_cCO-ViMGA
082 0 4 _a338.23 C468i
100 1 _aChoueri, Nazli
_920078
245 1 0 _aInternational energy futures
260 _aMassachusetts :
_binstitute of Technology,
_c1981
300 _a247
590 _aForma de adquisición : Donacion Corpes
650 1 4 _aINDUSTRIA DEL PETROLEO
_920079
650 1 4 _aPolítica ENERGética - InvestigaciónES
_920080
650 1 4 _aPRODUCTOS DEL PETROLEO - PRECIOS
_920081
942 _2ddc
_cBK
999 _c24508
_d24508